| 000 | 04524cam a22013214i 4500 | ||
|---|---|---|---|
| 003 | PE-LiUPU | ||
| 005 | 20250813185603.0 | ||
| 008 | 150706s2008 pe a rb 000 0 spa d | ||
| 020 | _a9786034011199 | ||
| 035 | _a(Sirsi) i9786034011199 | ||
| 040 |
_aPE-LiUPU _bspa _cPE-LiUPU _erda |
||
| 049 | _aPRUA | ||
| 082 | 0 | 4 |
_a378.85 _bU76 2008 |
| 082 | 0 | 4 |
_a378.85 _bU76 _221 |
| 100 | 1 |
_aUreña Peralta, Milber Oswaldo, _eautor. |
|
| 245 | 1 | 0 |
_aPropuestas para mejorar la competitividad de la universidad peruana : _bdirección general de desarrollo académico y capacitación / _cMilber Oswaldo Ureña Peralta [el al] . |
| 264 | 1 |
_aLima : _bAsamblea Nacional de Rectores, _c2008. |
|
| 300 |
_a93 páginas : _bilustraciones ; _c24 centímetros |
||
| 336 |
_atext _2rdacontent |
||
| 337 |
_aunmediated _2rdamedia |
||
| 338 |
_avolume _2rdacarrier |
||
| 504 | _aIncluye bibliografía. | ||
| 505 | 0 | _aContexto conceptual -- Calidad -- Excelencia -- Competitividad -- Gestión de la calidad universitaria -- Sistema universitario en el Perú -- Libertades y autonomía universitaria -- Evaluación de la calidad educativa en la universidad peruana -- Reflexiones sobre la calidad universitaria peruana -- Antecedentes -- Modelos de autoevaluación -- Conclusiones y propuestas para mejorar la competitividad -- Ley universitaria acorde a las exigencias del siglo XXI -- Sistema universitario peruano -- Sistema educativo profesional peruano -- Objetivos por alcanzar e la universidad peruana dentro del plan nacional de competitividad. | |
| 526 | _aP202 | ||
| 526 | _aP201 | ||
| 526 | _aP163 | ||
| 526 | _aP162 | ||
| 526 | _aP161 | ||
| 526 | _aP160 | ||
| 526 | _aP148 | ||
| 526 | _aP147 | ||
| 526 | _aP146 | ||
| 526 | _aP145 | ||
| 526 | _aP144 | ||
| 526 | _aP143 | ||
| 526 | _aP142 | ||
| 526 | _aP141 | ||
| 526 | _aP140 | ||
| 526 | _aP139 | ||
| 526 | _aP138 | ||
| 526 | _aP137 | ||
| 526 | _aP136 | ||
| 526 | _aP135 | ||
| 526 | _aP134 | ||
| 526 | _aP133 | ||
| 526 | _aP129 | ||
| 526 | _aP128 | ||
| 526 | _aP127 | ||
| 526 | _aP120 | ||
| 526 | _aP119 | ||
| 526 | _aP118 | ||
| 526 | _aP116 | ||
| 526 | _aP115 | ||
| 526 | _aP114 | ||
| 526 | _aP110 | ||
| 526 | _aP109 | ||
| 526 | _aP108 | ||
| 526 | _aP104 | ||
| 526 | _aP103 | ||
| 526 | _aP102 | ||
| 526 | _aP99 | ||
| 526 | _aP98 | ||
| 526 | _aP97 | ||
| 526 | _aP96 | ||
| 526 | _aP95 | ||
| 526 | _aP93 | ||
| 526 | _aP90 | ||
| 526 | _aP89 | ||
| 526 | _aP88 | ||
| 526 | _aP83 | ||
| 526 | _aP82 | ||
| 526 | _aP62 | ||
| 526 | _aP59 | ||
| 526 | _aP58 | ||
| 526 | _aP57 | ||
| 526 | _aP51 | ||
| 526 | _aP49 | ||
| 526 | _aP48 | ||
| 526 | _aP47 | ||
| 526 | _aP29 | ||
| 526 | _aP24 | ||
| 526 | _aP20 | ||
| 526 | _aP19 | ||
| 526 | _aP17 | ||
| 526 | _aP15 | ||
| 526 | _aP14 | ||
| 526 | _aP12 | ||
| 526 | _aP10 | ||
| 526 | _aP09 | ||
| 526 | _aP08 | ||
| 526 | _aP07 | ||
| 526 | _aP06 | ||
| 526 | _aP05 | ||
| 526 | _aP04 | ||
| 526 | _aP01 | ||
| 541 | _FAdministración; | ||
| 650 | 0 | 4 |
_aCalidad de la educación superior. _9315 |
| 650 | 0 | 4 |
_aUniversidades _zPerú. |
| 700 | 1 |
_aDueñas Dávila, Alexis, _eautor. |
|
| 700 | 1 |
_aOrtiz Elías, José Agustín, _eautor. |
|
| 910 |
_bjv _clch _d20110516 |
||
| 942 |
_2ddc _cBOOK |
||
| 949 |
_a330.9 R75 2008 _wDEWEY _c1 _iFJ03997 _lCCODEBUJ1 _mBUJ _p14.00 _r0 _sY _tBOOK _u2015-10-14 _xFCE _PP04 _0COMPRA _o.STAFF. Colección General Juliaca |
||
| 949 |
_a378.85 U76 _wDEWEY _c1 _i62836 _lCCODEBUL1 _mBUL _p9.00 _r0 _sY _tBOOK _u2015-7-6 _xEDUCACION _zUNKNOWN _0COMPRA _o.STAFF. Colección General |
||
| 949 |
_a378.85 U76 _wDEWEY _c2 _i62835 _lCCODEBUL1 _mBUL _p9.00 _r0 _sY _tBOOK _u2015-7-6 _xEDUCACION _zUNKNOWN _0COMPRA _o.STAFF. Colección General |
||
| 994 |
_aC0 _bPEPRU |
||
| 596 | _a1 3 | ||
| 999 |
_a378.85 U76 _wDEWEY _c51855 _i62836 _f2019-12-10 _g4 _lCCODEBUL1 _mBUL _p9.00 _r0 _sN _tBOOK _u2015-7-6 _xEDUCACION _zUNKNOWN _0COMPRA _o.STAFF. Colección General _d51855 |
||
| 999 |
_a378.85 U76 _wDEWEY _c2 _i62835 _f2021-11-5 _g5 _lCCODEBUL1 _mBUL _p9.00 _r0 _sY _tBOOK _u2015-7-6 _xBIBLIOTECA _zUNKNOWN _0COMPRA _o.STAFF. Colección General |
||
| 999 |
_a330.9 R75 2008 _wDEWEY _c1 _iFJ03997 _f2022-1-18 _g4 _lCCODEBUJ1 _mBUJ _p14.00 _r0 _sY _tBOOK _u2015-10-14 _xFCE _PP04 _0COMPRA _o.STAFF. Colección General Juliaca |
||
| 980 |
_81 _gALBERTO SANCHEZ Responsable de Automatización |
||